|
|
|
|
| LEADER |
00699cam a2200181 7i4500 |
| 001 |
0000023730 |
| 005 |
20120313090000.0 |
| 008 |
080822 eng |
| 090 |
0 |
0 |
|a TA683.5
|b .S87 2007
|
| 100 |
0 |
|
|a Suresh Palaniappan
|
| 245 |
1 |
0 |
|a Pull out test using steel bar and concrete cube
|c Suresh a/l Palaniappan.
|
| 260 |
|
|
|a Bestari Jaya, Selangor:
|b UNISEL,
|c 2007.
|
| 300 |
|
|
|a x, 147 p.:
|b ill. (some col.);
|c 30 cm.
|
| 502 |
|
|
|a Thesis (Bachelor of Civil Engineering), UNISEL, 2007
|
| 610 |
2 |
|
|a Universiti Industri Selangor
|
| 650 |
0 |
0 |
|a Concrete --
|x Mathematical models
|
| 650 |
0 |
0 |
|a High strength concrete --
|x Steel bar
|
| 999 |
|
|
|a THE0000456
|b THESIS
|c THESIS
|e Thesis Room, Bestari Jaya
|